Statistiques concernant QUIZ PAROLES : Seras-tu là ? - Michel Berger

Cliquez ici pour prendre le quiz!

Statistiques générales

  • Ce quiz a été pris 31 fois
  • Le résultat moyen est 82 sur 105

Statistiques - réponses

Paroles% Correct
la
100%
100%
là ?
100%
seras-tu
100%
Seras-tu
100%
Et
96%
et
96%
96%
Le
93%
le
93%
que
93%
qui
93%
Pour,
89%
Pour
89%
pour
89%
quand
89%
Quand
89%
de
85%
je
81%
les
81%
nos
81%
oui,
78%
oui
78%
plus
78%
auront
74%
Dis-moi
74%
dis-moi
74%
l'habitude
74%
passé,
74%
passé
74%
passe
74%
souvenirs
74%
temps
74%
amours
70%
mauvais,
70%
nous
70%
nous,
70%
Regarde-les
70%
regrets
70%
solitude,
70%
vais ?
70%
ennemis
67%
danser
63%
fous,
63%
jours
63%
vivre ?
63%
autour
59%
Pourras-tu
59%
rendre
59%
secrets
59%
suivre
59%
viendront
59%
sur
56%
Sauras-tu
52%
inconsolables,
48%
l'on
48%
cours
44%
inoubliables,
44%
n'auront
44%
rêvait
44%
voulait,
44%
soupirs
41%

Distribution des résultats

Percentile par nombre de réponses

% des personnes avec chaque résultat

Votre développement - résultats

Vous n’avez pas pris ce quiz